Auto rubber India '98 : 1st international symposium on automotive rubber components May 5 and 6, 1998, Bombay (Record no. 43972)

MARC details
000 -LEADER
fixed length control field 00439nam a2200121Ia 4500
082 ## - DEWEY DECIMAL CLASSIFICATION NUMBER
Classification number 678.065.629(540)
Item number AUT
245 #0 - TITLE STATEMENT
Title Auto rubber India '98 : 1st international symposium on automotive rubber components May 5 and 6, 1998, Bombay
260 ## - PUBLICATION, DISTRIBUTION, ETC. (IMPRINT)
Place of publication Bombay
Name of publisher Akron Rubber Development Laboratory
Year of publication 1998
650 ## - SUBJECT ADDED ENTRY--TOPICAL TERM
Topical Term Automotive rubber components
650 ## - SUBJECT ADDED ENTRY--TOPICAL TERM
Topical Term Indian tyre industry
942 ## - ADDED ENTRY ELEMENTS (KOHA)
Koha item type Books
Holdings
Withdrawn status Lost status Damaged status Not for loan Home library Current library Date acquired Source of acquisition Full call number Accession Number Koha item type
        RRII Library RRII Library 16/12/2021 Gift 678.065.629(540) AUT G00721 Books